Statistiques concernant Pays ayant les plus longues côtes d'Afrique

Cliquez ici pour prendre le quiz!

Statistiques générales

  • Ce quiz a été pris 2,992 fois
  • Le résultat moyen est 8 sur 10

Statistiques - réponses

Km Pays % Correct
2 798Afrique du Sud
98%
1 835Maroc
95%
2 450Égypte
91%
3 333Somalie
90%
1 600Angola
86%
2 470Mozambique
85%
1 572Namibie
83%
1 770Libye
81%
4 828Madagascar
80%
2 234Érythrée
38%

Distribution des résultats

Percentile by Number Answered

% des personnes avec chaque résultat

Votre développement - résultats

Vous n’avez pas pris ce quiz